000
00208 a2200097 4500
001
15036
100
_a
Collis R
245
_a
A doctor's Nigeria
260
_a
London
_b
Secker Warburg
_c
090
_c
11791
_d
11791
942
_a
NUST-CAE
_c
M
_c
1993
999
_c
250109
_d
250109